Guess The Verifier (GD) - Statistics

General Stats
  • This quiz has been taken 50 times
  • The average score is 9 of 10
Answer Stats
Level Verifier % Correct
Acheron Zoink
100%
Slaughterhouse Doggie
97%
Bloodbath Riot
97%
Kenos Npesta
91%
Sonic Wave Sunix
91%
Stereo Extremeness Vortrox
91%
Tartarus Dolphy
84%
Phobos KrmaL
78%
Sakupen Hell TrusTa
78%
The Golden nSwish
75%
No matching quizzes found
Score Distribution
Percent of People with Each Score
Percentile by Number Answered
Your Score History
You have not taken this quiz